| 000 | 00474nam a2200157 i 4500 | ||
|---|---|---|---|
| 001 | 20316 | ||
| 003 | ES-MaACL | ||
| 005 | 20230906152257.0 | ||
| 007 | t| | ||
| 008 | 021111s1964 sp ||||1| spa d | ||
| 100 | 1 |
_aAguirre Prado, Luis. _918887 |
|
| 245 | 1 | 3 |
_aLa Iglesia y la guerra española / _cpor Luis Aguirre Prado. |
| 260 |
_aMadrid : _b[Servicio Informativo Español, M.I.T.], _c1964. |
||
| 300 |
_a92 p., 4 lám. ; _c21 cm. |
||
| 852 |
_aES-MaACL _jC-28771 _bR.57919 |
||
| 999 |
_c20316 _d20316 |
||